| 000 | 00524 a2200205 4500 | ||
|---|---|---|---|
| 005 | 20260417122355.0 | ||
| 008 | 260416b |||||||| |||| 00| 0 eng d | ||
| 020 |
_a9789388264488 _cRs. 1995.00 |
||
| 040 | _aMAIN | ||
| 082 |
_a001.42 _bT361R(2) |
||
| 100 | _aThomas, C George | ||
| 245 | _aResearch methodology and scientific writing | ||
| 250 | _a2nd | ||
| 260 |
_bAne Books _c2026 _aNew Delhi |
||
| 300 | _a627 | ||
| 650 | _aKnowledge | ||
| 650 | _aComputer Science | ||
| 650 | _aResearch Methods | ||
| 942 | _cBK | ||
| 999 |
_c395445 _d395445 |
||